000 00659nam a2200217 a 4500
003 OSt
005 20130613133054.0
008 130613s2002 sz ||||| |||| 00| 0 spa d
020 _a92 4 356214 2
040 _cBiblioteca Medicina
041 _aspa
082 _aOMS HF 55
110 _aOrganizacion Mundial de la Salud
_91006
245 0 3 _aLos acuerdos de la OMC y la Salud Publica
250 _a1° ed.
260 _aGinebra
_bOrganizacion Mundial de la Salud
_c2002
300 _a195 p.
653 _aSALUD PUBLICA-METODOS
942 _2ddc
_cPH
999 _c1493
_d1493
952 _pH0021
_40
_00
_bBFM
_10
_oOMS HF 55
_d2013-06-13
_tEj. 1
_8NFIC
_70
_cCR
_2ddc
_yPH
_aBFM